000 01576nam a2200361 c 4500
003 BLK
005 20240511112245.0
008 180409b bul|||||r ||||||| ||bul||
010 _aKNG00115006000
020 _a954-459-701-8
_bиздат.: Хермес
040 _aBLK
041 _aBUL
_cBUL
080 _aБългарска литература в основното училище. Методика на обучението
_b373.3.016:821.163.2
_x(075.2)
_z373.3.016:821.163.2(075.2)
100 1 _aПашова, Мария Янкова
_eпърви автор
_9365700
139 _aПашова, Мария Янкова
_bП 30
245 1 0 _aСъчинение разсъждение върху художествен текст
_bПомагало по лит. за VІІ кл.
_cМария Янкова Пашова.
257 _aBGR
260 Пловдив
_bХермес
_c2000
300 _a125 с.
_c20 см
380 _a3
500 _aОфс. изд. - Съдържа и Речник. - Доп. тир. 2001, 2002, 2004.
650 4 _aБългарска литература - учебни помагала
_9242720
653 _aбългарска литература
653 _aсъчинение разсъждение
653 _aVІІ кл.
653 _aучебни помагала
852 _aЦб 220870
856 4 _qpdf
_u
856 4 _qpdf
_u
942 _cKNG
_n0
_03
944 _aCR
_c16.09.2004
_lЦветелина Желева
_k30544
944 _aED
_c24.11.2014
_lф /
_kЛюдмила_Стоянова
999 _c109687
_d109687